Doomed - Bring Me the Horizon - Statistics

General Stats
  • This quiz has been taken 83 times
  • The average score is 309 of 389
Answer Stats
Answer % Correct
a
100%
an
100%
I
100%
me
100%
the
100%
The
100%
and
96%
And
96%
come
92%
Come
92%
it
92%
my
92%
(My
92%
No
92%
no
92%
"No
92%
so
92%
So
92%
think
92%
to
92%
when
92%
but
88%
have
88%
I'm
88%
of
88%
on
88%
on,
88%
we
88%
We
88%
we're
88%
You
88%
you
88%
Cut
84%
doomed
84%
he
84%
in
84%
it's
84%
It's
84%
lock
84%
rain
84%
up
84%
can
80%
for
80%
heart
80%
heart,
80%
heart)
80%
parade
80%
there's
80%
back
76%
feel
76%
is
76%
Just
76%
just
76%
wanna
76%
cause
72%
had
72%
head
72%
I've
72%
off
72%
too
72%
way
72%
wings
72%
darker
68%
getting
68%
home
68%
late
68%
leave
68%
light
68%
like
68%
not
68%
over
68%
sorry
68%
coming
64%
echo,
64%
edge
64%
enough
64%
overdrive
64%
parts
64%
plug,
64%
sell
64%
shove
64%
carry
60%
did
60%
don't
60%
now
60%
pieces,
60%
saving
60%
sign
60%
some
60%
Tear
60%
worth
60%
bone
56%
fucking
56%
funeral,
56%
here
56%
kind
56%
mistake
56%
movement,
56%
never
56%
pull
56%
room
56%
rope
56%
shine
56%
vampires
56%
You're
56%
asked
52%
awake
52%
chair,
52%
death
52%
devil
52%
ghosts
52%
instead
52%
kept
52%
made
52%
Only
52%
pours
52%
pulse
52%
sun
52%
tie
52%
yeah
52%
all
48%
receipt
48%
skin
48%
sold
48%
soul
48%
They
48%
cheats"
44%
hint
44%
know
44%
rains,
44%
thought
44%
told
44%
with
44%
mess
40%
must've
40%
I'd
36%
kicked
36%
love
36%
world's
36%
helped
32%
that
32%
No matching quizzes found
Score Distribution
Percent of People with Each Score
Percentile by Number Answered
Your Score History
You have not taken this quiz